|
|
|
|
| LEADER |
00000nab a2200000 a 4500 |
| 001 |
vtls008414534 |
| 003 |
SK-MaSNL |
| 005 |
20260304030525.0 |
| 008 |
040806c2004 xo 0 eng |
| 015 |
|
|
|a SNBCL2005/5
|
| 035 |
|
|
|a SLK032619
|
| 040 |
|
|
|a SLKCL
|b slo
|c SNKBUCL
|e AACR2
|
| 041 |
1 |
|
|a eng
|
| 044 |
|
|
|a xo
|c SK
|
| 080 |
|
|
|a 616.62-006-089.87:061.3
|2 1981
|
| 245 |
0 |
0 |
|a Radical cystectomy cases combined with Mainz pouch-II urinary diversion in the last five years
|c Imre Romics ... [et al.]
|
| 650 |
0 |
7 |
|a cystektómia
|2 MESH
|9 18209
|
| 650 |
0 |
7 |
|a moč, chirurgické odchýlenie odtoku
|2 MESH
|9 1308929
|
| 650 |
0 |
7 |
|a štúdie retrospektívne
|2 MESH
|9 839232
|
| 650 |
0 |
7 |
|a nádory močového mechúra
|2 MESH
|9 20101
|
| 650 |
0 |
7 |
|a abstrakty z kongresu
|2 MESH
|9 168204
|
| 650 |
0 |
7 |
|a metódy
|2 MESH
|9 3855
|
| 700 |
1 |
|
|a Romics, Imre
|4 aut
|u Department of Urology, Faculty of General Medicine, Semmelweis Univerity, Budapest, Hungary
|9 1308930
|
| 700 |
1 |
|
|a Pánovics, József
|4 aut
|u Department of Urology, Faculty of General Medicine, Semmelweis Univerity, Budapest, Hungary
|9 1308931
|
| 700 |
1 |
|
|a Riesz, Péter
|4 aut
|u Department of Urology, Faculty of General Medicine, Semmelweis Univerity, Budapest, Hungary
|9 1308932
|
| 700 |
1 |
|
|a Hamvas, Antal
|4 aut
|u Department of Urology, Faculty of General Medicine, Semmelweis Univerity, Budapest, Hungary
|9 1308933
|
| 710 |
2 |
|
|a Slovenská urologická spoločnosť SLS.
|b Kongres
|n (15. :
|d 2004 :
|c Bratislava, Slovensko)
|4 aut
|9 132124
|
| 773 |
0 |
|
|w SERIAL_GENERAL*000250*2004*004*002
|x 1335-3071
|t Urológia
|g Roč. 10, č. 2 (2004), s. 42
|
| 850 |
|
|
|a Slovenská lekárska knižnica v Bratislave
|a BA006
|
| 852 |
|
|
|a BA006
|b KIS3GCP
|b 000500000
|
| 999 |
|
|
|c 2634460
|d 2636390
|